| 000 | nam a22 a 4500 | ||
|---|---|---|---|
| 999 |
_c567 _d567 |
||
| 005 | 20170504114126.0 | ||
| 008 | 170504b1984 xxu||||| |||| 00| 0 eng d | ||
| 020 | _a0874846994 (pbk) | ||
| 040 | _aAKMAL | ||
| 082 | _a155.6 LON | ||
| 090 |
_a155.6 _bLON |
||
| 100 |
_aStevens-Long, Judith. _91264 |
||
| 245 | _aInstructor's manual to accompany Adult life: developmental processes. | ||
| 250 | _a2nd ed. | ||
| 260 |
_aPalo Alto, CA _bMayfield _c1984. |
||
| 300 | _ccm | ||
| 599 | _aDALAM PROSES | ||
| 852 |
_aPalo Alto, CA _bMayfield _c1984. |
||
| 942 |
_2ddc _cBOOK |
||